MARC details
| 000 -LEADER |
| fixed length control field |
00982nam a22002897a 4500 |
| 003 - CONTROL NUMBER IDENTIFIER |
| control field |
OSt |
| 005 - DATE AND TIME OF LATEST TRANSACTION |
| control field |
20220107122854.0 |
| 008 - FIXED-LENGTH DATA ELEMENTS--GENERAL INFORMATION |
| fixed length control field |
190820b xxu||||| |||| 00| 0 eng d |
| 020 ## - INTERNATIONAL STANDARD BOOK NUMBER |
| International Standard Book Number |
9783319523064 |
| 040 ## - CATALOGING SOURCE |
| Transcribing agency |
IIITMK |
| 082 ## - DEWEY DECIMAL CLASSIFICATION NUMBER |
| Classification number |
910.285 FAV/H |
| 100 ## - MAIN ENTRY--PERSONAL NAME |
| Personal name |
Favorskaya, Margarita N |
| 9 (RLIN) |
16284 |
| 245 ## - TITLE STATEMENT |
| Title |
Handbook on advances in remote sensing and geographic information systems: |
| Remainder of title |
Paradigms and applications in forest landscape modeling |
| Statement of responsibility, etc. |
Margarita N Favorskaya |
| 260 ## - PUBLICATION, DISTRIBUTION, ETC. |
| Place of publication, distribution, etc. |
Switzerland, |
| Name of publisher, distributor, etc. |
Springer, |
| Date of publication, distribution, etc. |
2017. |
| 300 ## - PHYSICAL DESCRIPTION |
| Extent |
xix, 415p. |
| 440 ## - SERIES STATEMENT/ADDED ENTRY--TITLE |
| Title |
Intelligent systems reference library |
| 9 (RLIN) |
16285 |
| 650 ## - SUBJECT ADDED ENTRY--TOPICAL TERM |
| Topical term or geographic name entry element |
GEOGRAPHIC INFORMATION SYSTEMS |
| 9 (RLIN) |
16862 |
| 650 ## - SUBJECT ADDED ENTRY--TOPICAL TERM |
| Topical term or geographic name entry element |
GIS |
| 9 (RLIN) |
16863 |
| 650 ## - SUBJECT ADDED ENTRY--TOPICAL TERM |
| Topical term or geographic name entry element |
REMOTE SENSING |
| 9 (RLIN) |
16864 |
| 650 ## - SUBJECT ADDED ENTRY--TOPICAL TERM |
| Topical term or geographic name entry element |
LANDSCAPE MODELING |
| 9 (RLIN) |
16865 |
| 650 ## - SUBJECT ADDED ENTRY--TOPICAL TERM |
| Topical term or geographic name entry element |
LIDAR TECHNOLOGY |
| 9 (RLIN) |
16866 |
| 650 ## - SUBJECT ADDED ENTRY--TOPICAL TERM |
| Topical term or geographic name entry element |
FOREST LANDSCAPE MODELING |
| 9 (RLIN) |
16867 |
| 650 ## - SUBJECT ADDED ENTRY--TOPICAL TERM |
| Topical term or geographic name entry element |
FOREST ECOSYSTEM MODELING |
| 9 (RLIN) |
16868 |
| 650 ## - SUBJECT ADDED ENTRY--TOPICAL TERM |
| Topical term or geographic name entry element |
FORESTRY |
| 9 (RLIN) |
16869 |
| 700 ## - ADDED ENTRY--PERSONAL NAME |
| Personal name |
Jain, Lakshmi C |
| 9 (RLIN) |
16286 |
| 942 ## - ADDED ENTRY ELEMENTS (KOHA) |
| Source of classification or shelving scheme |
Dewey Decimal Classification |
| Koha item type |
Books |